000 02775nam0a2200397 4500
001 RU\NLR\BIBL_A\012834748
005 20220915112340.0
010 _a978-5-9690-0357-6
_9100
021 _aRU
_bКН-П-22-020202
_9КН-П-22-1728
035 _a(NLR Aleph) 012834748
035 _a(RuMoRGB)011025086
090 _a12373604
_c12373604
100 _a20220630d2017 k y0rusy50 ca
101 0 _arus
_achi
102 _aRU
105 _ay|||z||||||z|
181 1 _ai
_baxxe
182 1 _an
200 1 _aИдея Великого единения (Да тун) в истории китайской общественной мысли рубежа XIX-XX вв. и Кан Ю-вэй
_fД. Е. Мартынов, Г. Г. Зайнуллин
_gКазанский (Приволжский) федеральный университет, Институт международных отношений, истории и востоковедения, Институт Конфуция Казанского федерального университета
203 _aТекст
_bвизуальный
_cнепосредственный
210 _aКазань
_cИзд-во Академии наук РТ
_d2017
215 _a346 с., [2] л. кит. текста
_d21
300 _aВ тексте введ. 1-й авт.: д-р ист. наук Д. Е. Мартынов
300 _aЧасть текста кит.
320 _aБиблиогр.: с. 310-342 (431 назв.) и в подстроч. примеч.
330 _aМонография посвящена процессу рецепции древнекитайского идеала Великого единения (Да тун) в условиях модернизации общественно-политической мысли Китая рубежа XIX-XX вв. Предназначена для студентов, магистров и аспирантов, слушающих курс <Общественная мысль Китая>, исследователей общественной мысли на Дальнем Востоке, и всех заинтересованных в данной проблеме
606 1 _aОбщественная мысль
_yКитай
_z2-я пол. 19 - нач. 20 вв.
_92339866
_3RU\NLR\AUTH\6601622275
675 _a94(510)<18/19>
_v4
686 1 _aТ3(5Кит)53-72
686 1 _aЮ6г(5Кит)
700 1 _7ca
_8rus
_aМартынов
_bД. Е.
_cд-р ист. наук
_f1980-
_gДмитрий Евгеньевич
_970997
_3RU\NLR\AUTH\7788069
701 1 _aЗайнуллин
_bГ. Г.
_gГабдулзямиль Габдулхакович
_4000
942 _cBOOK
980 _aNB